Statistics for All European Countries by HDI - In Order

Click here to take the quiz!

General Stats

  • This quiz has been taken 220 times
    (206 since last reset)
  • The average score is 40 of 43

Answer Stats

HDIHintAnswer% Correct
0,955IIreland
99%
0,957NNorway
99%
0,931BBelgium
97%
0,940DDenmark
97%
0,938FFinland
97%
0,947GGermany
97%
0,949IIceland
97%
0,944NNetherlands
97%
0,945SSweden
97%
0,955SSwitzerland
97%
0,932UUnited Kingdom
97%
0,901FFrance
96%
0,922AAustria
95%
0,892EEstonia
95%
0,919LLiechtenstein
95%
0,916LLuxembourg
95%
0,880PPoland
95%
0,900CCzech Republic
94%
0,824RRussia
94%
0,823BBelarus
93%
0,888GGreece
93%
0,860HHungary
93%
0,892IItaly
93%
0,742KKosovo
93%
0,866LLatvia
93%
0,882LLithuania
93%
0,864PPortugal
93%
0,828RRomania
93%
0,806SSerbia
93%
0,860SSlovakia
93%
0,917SSlovenia
93%
0,904SSpain
93%
0,779UUkraine
93%
0,780BBosnia and Herzegovina
92%
0,774NNorth Macedonia
92%
0,795AAlbania
91%
0,813BBulgaria
91%
0,854CCroatia
91%
0,895MMalta
91%
0,829MMontenegro
91%
0,750MMoldova
90%
0,868AAndorra
89%
0,820TTurkey
88%

Score Distribution

Percentile by Number Answered

Percent of People with Each Score

Your Score History

You have not taken this quiz since the last reset